[Event "Guernsey Holiday op 43rd"]
[Site "Guernsey"]
[Date "2017.10.20"]
[Round "6"]
[White "Jones, Sidney A"]
[Black "Van Beek, Ronald"]
[Result "1/2-1/2"]
[WhiteElo "1500"]
[BlackElo "1246"]
[PlyCount "33"]
[EventDate "2017.10.15"]
[EventType "swiss"]
[EventRounds "7"]
[EventCountry "GCI"]
[SourceTitle "EXT 2020"]
[Source "ChessBase"]
[SourceDate "2019.10.17"]
[SourceVersion "1"]
[SourceVersionDate "2019.10.17"]
[SourceQuality "1"]

1. d4 Nf6 2. c4 c6 3. Nc3 g6 4. Nf3 Bg7 5. e3 d5 6. Bd3 0-0 7. 0-0 Bg4 8. b3 a5 9. Be2 Nbd7 10. h3 Bxf3 11. Bxf3 dxc4 12. bxc4 Rb8 13. a4 Nb6 14. c5 Nbd5 15. Nxd5 Nxd5 16. Bd2 e5 17. Bxd5 1/2-1/2

[Event "Guernsey Holiday op 43rd"]
[Site "Guernsey"]
[Date "2017.10.19"]
[Round "5"]
[White "Van Beek, Ronald"]
[Black "Nalichowski, Bogdan"]
[Result "0-1"]
[WhiteElo "1246"]
[BlackElo "1388"]
[PlyCount "64"]
[EventDate "2017.10.15"]
[EventType "swiss"]
[EventRounds "7"]
[EventCountry "GCI"]
[SourceTitle "EXT 2020"]
[Source "ChessBase"]
[SourceDate "2019.10.17"]
[SourceVersion "1"]
[SourceVersionDate "2019.10.17"]
[SourceQuality "1"]

1. d4 Nf6 2. Nf3 d5 3. Bf4 Nc6 4. e3 a6 5. Be2 h6 6. h3 Bf5 7. Nbd2 Nb4 8. a3 Nxc2+ 9. Kf1 Nxa1 10. Qxa1 e6 11. Qc1 Rc8 12. g4 Bg6 13. Kg2 Ne4 14. Ne5 Nxd2 15. Nxg6 fxg6 16. Qxd2 h5 17. Qc2 g5 18. Qg6+ Kd7 19. Bxg5 Qe8 20. Qc2 c6 21. Qb3 Rc7 22. Qb6 Bd6 23. b4 Qg6 24. Bf4 Bxf4 25. exf4 Qe4+ 26. f3 Qxe2+ 27. Kg1 h4 28. Qc5 Qe1+ 29. Kg2 Qe2+ 30. Kg1 Qxf3 31. Qc1 Rf8 32. Qd2 Rxf4 0-1

[Event "Guernsey Holiday op 39th"]
[Site "Guernsey"]
[Date "2013.10.24"]
[Round "5"]
[White "Van Beek, Ronald"]
[Black "Kearsley, Raymond J"]
[Result "0-1"]
[WhiteElo "1390"]
[BlackElo "1672"]
[PlyCount "62"]
[EventDate "2013.10.20"]
[EventType "swiss"]
[EventRounds "7"]
[EventCountry "GCI"]
[SourceTitle "EXT 2022"]
[Source "ChessBase"]
[SourceDate "2021.10.06"]
[SourceVersion "1"]
[SourceVersionDate "2021.10.06"]
[SourceQuality "1"]

1. d4 Nf6 2. Nf3 g6 3. Bf4 Bg7 4. e3 0-0 5. Be2 d6 6. 0-0 Nh5 7. Bg3 Nxg3 8. fxg3 Nd7 9. Nbd2 e5 10. c4 c6 11. Nb3 f5 12. dxe5 dxe5 13. Qd2 e4 14. Nfd4 Qe7 15. g4 Ne5 16. gxf5 gxf5 17. Rf2 Bd7 18. Raf1 Rad8 19. Qc2 Bc8 20. Nxf5 Bxf5 21. Rxf5 Nf3+ 22. Bxf3 Rxf5 23. Bxe4 Rxf1+ 24. Kxf1 Rf8+ 25. Ke2 Qh4 26. Bf3 Qxh2 27. Nc5 Rf7 28. b4 Qe5 29. Be4 Bh6 30. Qd3 Qb2+ 31. Qd2 Rf2+ 0-1

[Event "Guernsey Holiday op"]
[Site "Guernsey"]
[Date "2012.10.22"]
[Round "2"]
[White "Van Beek, Ronald"]
[Black "Vonhoff, Joerg"]
[Result "0-1"]
[WhiteElo "1365"]
[BlackElo "1658"]
[PlyCount "72"]
[EventDate "2012.10.21"]
[EventType "swiss"]
[EventRounds "7"]
[EventCountry "GCI"]
[SourceTitle "EXT 2015"]
[Source "ChessBase"]
[SourceDate "2014.11.20"]
[SourceVersion "1"]
[SourceVersionDate "2014.11.20"]
[SourceQuality "1"]

1. d4 Nf6 2. Nf3 g6 3. Bf4 Bg7 4. e3 0-0 5. h3 b6 6. Be2 Bb7 7. 0-0 d6 8. Nbd2 c5 9. dxc5 dxc5 10. c3 Nc6 11. Bh2 Qc8 12. Qc2 a6 13. Nc4 Nd7 14. a4 b5 15. axb5 axb5 16. Ncd2 c4 17. Nd4 Bxd4 18. exd4 e5 19. dxe5 Ndxe5 20. Nf3 Nd7 21. Rad1 Nc5 22. Bd6 Nb3 23. Bxf8 Qxf8 24. Rd7 Bc8 25. Rdd1 Bf5 26. Bd3 Bxd3 27. Rxd3 cxd3 28. Qxb3 Qc5 29. Qd1 Rd8 30. Nd2 Ne5 31. Re1 Nc4 32. b3 Na3 33. Qc1 Nc2 34. Ne4 d2 35. Nxc5 dxe1Q+ 36. Qxe1 Nxe1 0-1

[Event "Guernsey Holiday op"]
[Site "Guernsey"]
[Date "2011.10.19"]
[Round "4"]
[White "Herschmann, Heinz"]
[Black "Van Beek, Ronald"]
[Result "1/2-1/2"]
[WhiteElo "1440"]
[BlackElo "1374"]
[PlyCount "82"]
[EventDate "2011.10.16"]
[EventType "swiss"]
[EventRounds "7"]
[EventCountry "GCI"]
[SourceTitle "EXT 2015"]
[Source "ChessBase"]
[SourceDate "2014.11.20"]
[SourceVersion "1"]
[SourceVersionDate "2014.11.20"]
[SourceQuality "1"]

1. e4 e6 2. d4 d5 3. exd5 exd5 4. Nf3 Nc6 5. Bf4 Bd6 6. Bxd6 Qxd6 7. c3 Nf6 8. Be2 0-0 9. 0-0 a6 10. Nbd2 Re8 11. Re1 Bf5 12. Nf1 b5 13. Ng3 Bg6 14. Bd3 Rxe1+ 15. Nxe1 Ne7 16. Bxg6 Nxg6 17. Nh5 Re8 18. Nxf6+ Qxf6 19. Qf3 Qe6 20. g3 c6 21. Kf1 a5 22. Nd3 Qe4 23. Qxe4 dxe4 24. Re1 Kf8 25. Nc5 f5 26. a3 Ne7 27. Kg2 Nd5 28. Nd7+ Ke7 29. Ne5 Kd6 30. Nf7+ Kc7 31. Ng5 h6 32. Nh3 g5 33. Ng1 Kd7 34. Kf1 e3 35. Re2 exf2 36. Kxf2 f4 37. Rxe8 Kxe8 38. gxf4 Nxf4 39. Ke3 Ke7 40. Nf3 Ke6 41. Ke4 Ng6 1/2-1/2

[Event "Guernsey Holiday op"]
[Site "Guernsey"]
[Date "2009.10.22"]
[Round "5"]
[White "Van Beek, Ronald"]
[Black "Bennett, David"]
[Result "1/2-1/2"]
[WhiteElo "1374"]
[BlackElo "1410"]
[PlyCount "52"]
[EventDate "2009.10.18"]
[EventType "swiss"]
[EventRounds "7"]
[EventCountry "GCI"]
[SourceTitle "EXT 2015"]
[Source "ChessBase"]
[SourceDate "2014.11.20"]
[SourceVersion "1"]
[SourceVersionDate "2014.11.20"]
[SourceQuality "1"]

1. d4 c5 2. e4 cxd4 3. Qxd4 Nc6 4. Qa4 e5 5. Nf3 Nf6 6. Bd3 Be7 7. 0-0 0-0 8. Be3 d6 9. h3 Bd7 10. c3 Nd4 11. Qd1 Ne6 12. Nbd2 a6 13. a4 Bc6 14. Qc2 Nd7 15. b4 Nf6 16. a5 Qd7 17. Nc4 Bd8 18. Bb6 Nc7 19. Rfd1 Bb5 20. Qb3 Qc6 21. Bxc7 Bxc7 22. Re1 Bxc4 23. Qxc4 Qxc4 24. Bxc4 Rac8 25. Bb3 Bb8 26. c4 h6 1/2-1/2

[Event "Guernsey Holiday op"]
[Site "Guernsey"]
[Date "2009.10.21"]
[Round "4"]
[White "Haddock, Paul"]
[Black "Van Beek, Ronald"]
[Result "1-0"]
[WhiteElo "1522"]
[BlackElo "1374"]
[PlyCount "59"]
[EventDate "2009.10.18"]
[EventType "swiss"]
[EventRounds "7"]
[EventCountry "GCI"]
[SourceTitle "EXT 2015"]
[Source "ChessBase"]
[SourceDate "2014.11.20"]
[SourceVersion "1"]
[SourceVersionDate "2014.11.20"]
[SourceQuality "1"]

1. e4 e5 2. f4 exf4 3. Nf3 Nc6 4. d4 d5 5. e5 g6 6. Bxf4 Bg7 7. Bb5 Bd7 8. Nc3 Nge7 9. 0-0 0-0 10. Qd2 a6 11. Bxc6 Bxc6 12. Rae1 Bd7 13. Bh6 Be6 14. Bxg7 Kxg7 15. Qf2 b6 16. h3 Rc8 17. Ng5 Nf5 18. h4 h6 19. Nf3 c5 20. g4 Nxd4 21. Nxd4 cxd4 22. Qf6+ Kh7 23. Qxd8 Rcxd8 24. Ne2 Bxg4 25. Nxd4 Bd7 26. Rf6 Kg7 27. Rxb6 Rb8 28. e6 Rfe8 29. Rxb8 fxe6 30. Rxe8 1-0